00452nam a2200169Ia 4500008004100000020001800041245002500059245005900084260001500143260001600158260000900174300001500183300002500198300001000223440004100233500000800274170705s9999 xx 000 0 und d a9780545131490 aFollow me, mittens / cLola M. Schaefer ; pictures by Susan Kathleen Hartung. aNew York : bScholastic, c2007 a25 pages : bcolor illustration ; c23cm. aI can read! My first shared reading. a400